000 00576nam a2200217Ia 4500
003 OSt
005 20220927105707.0
006 a|||||r|||| 00| 0
007 ta
008 220926b |||||||| |||| 00| 0 eng d
024 _a196687
037 _cReference Collections
040 _aRTL
_cRTL
_beng
041 _2eng
_aeng
082 _a"U281, J5"
245 0 _aCharles and ruth laird weathercasting
260 _aEnglewood
_bcliffs Prentice-Hall
_c1955
300 _aVii 163p
_ccm.
942 _h"U281, J5"
_cCC
999 _c693928
_d693928